[Event "FIDE World Bl Team Pool B"]
[Site "London ENG"]
[Date "2025.06.14"]
[Round "6.5"]
[White "QUICKPEN, Deborah Ebimobo-ere"]
[Black "Divya, Deshmukh"]
[Result "0-1"]
[WhiteTitle "WCM"]
[BlackTitle "IM"]
[WhiteElo "2081"]
[BlackElo "2463"]
[WhiteTeam "Mother Continent"]
[BlackTeam "Hexamind Chess Team"]
[WhiteFideId "8511616"]
[BlackFideId "35006916"]
[EventDate "2025.06.14"]
[EventType "team"]

1. c4 c5 2. Nf3 Nf6 3. Nc3 Nc6 4. d4 cxd4 5. Nxd4 e6 6. g3 Qb6 7. Nb3 Ne5 8. Be3
Qc6 9. Rg1 Nxc4 10. Qc1 Bb4 11. Bg2 d5 12. a3 Nxe3 13. Qxe3 Bxc3+ 14. bxc3 O-O
15. h4 Bd7 16. Nd4 Qc7 17. Bh3 Rfc8 18. Rc1 Qc5 19. a4 Ne4 20. c4 Qb4+ 21. Kf1
Rxc4 22. Kg2 Rxd4 23. Rb1 Qc3 24. Qxc3 Nxc3 25. Rxb7 Bxa4 26. e3 Rc4 27. Kf3 Bc6
28. Rb3 d4+ 29. Kf4 d3+ 30. Ke5 Rd8 0-1

[Event "FIDE World Bl Team Pool B"]
[Site "London ENG"]
[Date "2025.06.14"]
[Round "6.1"]
[White "Turner, Matthew J"]
[Black "O'Gorman, Tom"]
[Result "1/2-1/2"]
[WhiteTitle "GM"]
[BlackTitle "IM"]
[WhiteElo "2441"]
[BlackElo "2379"]
[WhiteTeam "Sassy Seniors"]
[BlackTeam "Oxbridge"]
[WhiteFideId "402893"]
[BlackFideId "2508249"]
[EventDate "2025.06.14"]
[EventType "team"]

1. d4 d5 2. Nf3 Nf6 3. Bg5 e6 4. e3 Be7 5. Nbd2 h6 6. Bh4 c5 7. c3 Nc6 8. Bd3
O-O 9. O-O b6 10. Ne5 Bb7 11. f4 Ne4 12. Nxc6 Bxc6 13. Bxe7 Qxe7 14. Qc2 Nd6 15.
Rae1 Bb5 16. dxc5 Bxd3 17. Qxd3 bxc5 18. e4 dxe4 19. Nxe4 Nxe4 20. Qxe4 Rab8 21.
b3 Qf6 22. f5 exf5 23. Qxf5 Qxc3 24. Re7 Rb6 25. Rxf7 Qd4+ 26. Kh1 Rf6 27. Rxf8+
Kxf8 28. Qc8+ Kf7 29. Rxf6+ Kxf6 30. Qa6+ Kg5 31. h3 Qa1+ 32. Kh2 Qe5+ 33. Kh1
Qe1+ 1/2-1/2

[Event "FIDE World Bl Team Pool B"]
[Site "London ENG"]
[Date "2025.06.14"]
[Round "6.2"]
[White "Sivakumar, Ashvin"]
[Black "Dishman, Stephen"]
[Result "1-0"]
[WhiteTitle "FM"]
[BlackTitle "FM"]
[WhiteElo "2175"]
[BlackElo "2274"]
[WhiteTeam "Oxbridge"]
[BlackTeam "Sassy Seniors"]
[WhiteFideId "5804655"]
[BlackFideId "403024"]
[EventDate "2025.06.14"]
[EventType "team"]

1. d4 d5 2. c4 c6 3. Nf3 Nf6 4. e3 Bf5 5. Nc3 e6 6. Nh4 Be4 7. f3 Bg6 8. Bd2 Be7
9. cxd5 cxd5 10. Qb3 Qd7 11. Nxg6 hxg6 12. Be2 Nc6 13. Rc1 Bd6 14. f4 O-O 15.
O-O Rac8 16. Qa4 a6 17. a3 Ne7 18. Qxd7 Nxd7 19. e4 dxe4 20. Nxe4 Bb8 21. Nc5
Nxc5 22. dxc5 Ba7 23. b4 Nd5 24. Bf3 b6 25. cxb6 Bxb6+ 26. Kh1 a5 27. b5 a4 28.
g3 Be3 29. Bxe3 Nxe3 30. Rxc8 Rxc8 31. Rb1 Nc2 32. Rc1 Rc3 33. Be4 Rb3 34. Rxc2
Rxb5 35. Rc4 Ra5 36. Bc2 g5 37. fxg5 Rxg5 38. Rc8# 1-0

[Event "FIDE World Bl Team Pool B"]
[Site "London ENG"]
[Date "2025.06.14"]
[Round "6.3"]
[White "Vujatovic, Rajko"]
[Black "Ratnesan, Ranesh"]
[Result "1/2-1/2"]
[BlackTitle "CM"]
[WhiteElo "2222"]
[BlackElo "2138"]
[WhiteTeam "Sassy Seniors"]
[BlackTeam "Oxbridge"]
[WhiteFideId "403393"]
[BlackFideId "439339"]
[EventDate "2025.06.14"]
[EventType "team"]

1. e4 c5 2. c3 d5 3. exd5 Qxd5 4. d4 cxd4 5. cxd4 Nc6 6. Nf3 e5 7. Nc3 Bb4 8.
Bd2 Bxc3 9. Bxc3 e4 10. Ne5 Nxe5 11. dxe5 Ne7 12. Qa4+ Bd7 13. Qb4 a5 14. Qd6
Qxd6 15. exd6 Nf5 16. Rd1 O-O 17. Be2 Rfe8 18. O-O Be6 19. Bg4 Red8 20. Bxf5
Bxf5 21. Rd4 b6 22. Rfd1 Rac8 23. Kf1 f6 24. h3 h5 25. Ke2 Kf7 26. Ke3 Ke6 27.
Kf4 g5+ 28. Ke3 Rc6 29. Be1 Rcxd6 30. Rxd6+ Rxd6 31. Rxd6+ Kxd6 32. Kd4 Bg6 33.
g3 Kc6 34. h4 gxh4 35. gxh4 Kd6 36. Bd2 Bf5 37. Be3 Kc6 38. Kc4 Be6+ 39. Kd4 Bf5
40. a3 Kd6 41. Kc4 Kc6 42. Kd4 Bg6 43. Bh6 Bf5 44. Bg7 Bg6 45. Bxf6 1/2-1/2

[Event "FIDE World Bl Team Pool B"]
[Site "London ENG"]
[Date "2025.06.14"]
[Round "6.4"]
[White "Rushbrooke, Remy"]
[Black "Lishoy Gengis Paratazham, Dildarav"]
[Result "0-1"]
[WhiteElo "2090"]
[BlackElo "2084"]
[WhiteTeam "Oxbridge"]
[BlackTeam "Sassy Seniors"]
[WhiteFideId "443590"]
[BlackFideId "491462"]
[EventDate "2025.06.14"]
[EventType "team"]

1. d4 Nf6 2. Nc3 d5 3. Bg5 Nbd7 4. Nf3 g6 5. e3 Bg7 6. Bd3 O-O 7. O-O c5 8. Re1
a6 9. e4 dxe4 10. Nxe4 Nxe4 11. Bxe4 cxd4 12. Nxd4 Nc5 13. c3 h6 14. Bh4 g5 15.
Bg3 Nxe4 16. Rxe4 f5 17. Qb3+ Kh8 18. Ree1 f4 19. Rad1 Qc7 20. Bxf4 Qxf4 21. f3
e5 22. Ne6 Bxe6 23. Qxe6 Rad8 24. Rxd8 Rxd8 25. Qe7 Qd2 26. Rf1 Qd7 27. Qb4 b5
28. Qe4 0-1

[Event "FIDE World Bl Team Pool B"]
[Site "London ENG"]
[Date "2025.06.14"]
[Round "6.5"]
[White "Dishman, Matthew"]
[Black "Hng, Mei-Xian Eunice"]
[Result "0-1"]
[BlackTitle "WFM"]
[WhiteElo "1978"]
[BlackElo "2066"]
[WhiteTeam "Sassy Seniors"]
[BlackTeam "Oxbridge"]
[WhiteFideId "438642"]
[BlackFideId "5806585"]
[EventDate "2025.06.14"]
[EventType "team"]

1. e4 d6 2. d4 c6 3. Nc3 Nd7 4. Nf3 Qc7 5. Be3 Ngf6 6. h3 e5 7. a4 Be7 8. Bd3
O-O 9. O-O b6 10. Re1 Re8 11. Ne2 Bb7 12. c3 Bf8 13. Ng3 g6 14. Bc2 Bg7 15. Qd2
exd4 16. cxd4 c5 17. d5 c4 18. Bf4 a6 19. Nd4 Nc5 20. f3 Nfd7 21. Rad1 Ne5 22.
Nc6 Bxc6 23. dxc6 Ned3 24. Bxd3 Nxd3 25. Re2 Qxc6 26. b3 Nxf4 27. Qxf4 Be5 28.
Qg4 cxb3 29. f4 Qc5+ 30. Kh2 Bg7 31. Rd5 Qb4 32. f5 b2 33. Rxb2 Qxb2 34. fxg6
hxg6 35. Rxd6 Rab8 36. Rd7 Qe5 37. Kh1 b5 38. a5 b4 39. Ne2 b3 40. h4 b2 0-1

[Event "FIDE World Bl Team Pool B"]
[Site "London ENG"]
[Date "2025.06.14"]
[Round "6.6"]
[White "Nayberg, Simona"]
[Black "Regan, Natasha K"]
[Result "0-1"]
[BlackTitle "WIM"]
[WhiteElo "1819"]
[BlackElo "2064"]
[WhiteTeam "Oxbridge"]
[BlackTeam "Sassy Seniors"]
[WhiteFideId "2075180"]
[BlackFideId "403067"]
[EventDate "2025.06.14"]
[EventType "team"]

1. e4 e5 2. Nf3 Nc6 3. Bc4 Nf6 4. Ng5 d5 5. exd5 Na5 6. Bb5+ Bd7 7. Qe2 Bd6 8.
O-O O-O 9. Bxd7 Qxd7 10. Ne4 Nxe4 11. Qxe4 f5 12. Qh4 Be7 13. Qg3 Qxd5 14. Nc3
Qe6 15. Re1 Nc6 16. d3 Bd6 17. Nb5 f4 18. Qf3 Qf5 19. c3 a6 20. Nxd6 cxd6 21.
Qd5+ Kh8 22. d4 Rad8 23. b3 Rf6 24. Bb2 Qg4 25. dxe5 dxe5 26. h3 Qh5 27. Qe4 f3
28. Rad1 Rdf8 29. Rf1 fxg2 30. Rfe1 Qxh3 31. Qxg2 Rg6 0-1

[Event "FIDE World Bl Team Pool B"]
[Site "London ENG"]
[Date "2025.06.14"]
[Round "7.1"]
[White "Aronian, Levon"]
[Black "Anand, Viswanathan"]
[Result "1/2-1/2"]
[WhiteTitle "GM"]
[BlackTitle "GM"]
[WhiteElo "2742"]
[BlackElo "2743"]
[WhiteTeam "Hexamind Chess Team"]
[BlackTeam "Freedom"]
[WhiteFideId "13300474"]
[BlackFideId "5000017"]
[EventDate "2025.06.14"]
[EventType "team"]

1. Nf3 d5 2. e3 Nf6 3. c4 e6 4. b3 Be7 5. Bb2 O-O 6. Nc3 c5 7. cxd5 exd5 8. d4
Nc6 9. Be2 Ne4 10. O-O Bf6 11. Na4 Bg4 12. Rc1 cxd4 13. Nxd4 Bxe2 14. Nxe2 Bxb2
15. Nxb2 Qa5 16. Na4 Rfd8 17. Nd4 Nxd4 18. Qxd4 b5 19. Nc3 Nxc3 20. Qxc3 Qxa2
21. Rfd1 a5 22. Ra1 Qe2 23. Rd2 b4 24. Qxg7+ Kxg7 25. Rxe2 1/2-1/2

[Event "FIDE World Bl Team Pool B"]
[Site "London ENG"]
[Date "2025.06.14"]
[Round "7.2"]
[White "Sevian, Samuel"]
[Black "Giri, Anish"]
[Result "1-0"]
[WhiteTitle "GM"]
[BlackTitle "GM"]
[WhiteElo "2687"]
[BlackElo "2748"]
[WhiteTeam "Freedom"]
[BlackTeam "Hexamind Chess Team"]
[WhiteFideId "2040506"]
[BlackFideId "24116068"]
[EventDate "2025.06.14"]
[EventType "team"]

1. e4 e5 2. Nf3 Nc6 3. Bc4 Nf6 4. d3 Be7 5. O-O O-O 6. Re1 d6 7. a4 Be6 8. Nbd2
Bxc4 9. Nxc4 h6 10. Bd2 Re8 11. b4 Bf8 12. Ne3 d5 13. b5 Ne7 14. exd5 Nexd5 15.
Nxd5 Qxd5 16. Bc3 e4 17. dxe4 Qxd1 18. Raxd1 Nxe4 19. Be5 Nd6 20. g4 Re6 21. Bg3
Rxe1+ 22. Nxe1 Re8 23. Nf3 Re4 24. Rd4 Rxd4 25. Nxd4 g6 26. Kf1 Be7 27. Ke2 f6
28. a5 a6 29. bxa6 bxa6 30. Nc6 Kf7 31. Nb8 Bd8 32. Nxa6 Nb7 33. Bxc7 Bxc7 34.
Nxc7 Nxa5 35. Kd3 Ke7 36. Nd5+ Ke6 37. Nf4+ Kf7 38. c4 Nc6 39. h3 Ne5+ 40. Kd4
g5 41. Nd3 Nf3+ 42. Kd5 Ke7 43. Kc6 f5 44. gxf5 Nd4+ 45. Kb6 Nxf5 46. c5 Ke6 47.
c6 Ne7 48. c7 Nd5+ 49. Kc6 Ne7+ 50. Kb7 h5 51. Nb4 Kf7 52. Nd5 Nf5 53. Kc6 Nd4+
54. Kb6 1-0

[Event "FIDE World Bl Team Pool B"]
[Site "London ENG"]
[Date "2025.06.14"]
[Round "7.3"]
[White "Vidit, Santosh Gujrathi"]
[Black "Le, Quang Liem"]
[Result "0-1"]
[WhiteTitle "GM"]
[BlackTitle "GM"]
[WhiteElo "2720"]
[BlackElo "2729"]
[WhiteTeam "Hexamind Chess Team"]
[BlackTeam "Freedom"]
[WhiteFideId "5029465"]
[BlackFideId "12401137"]
[EventDate "2025.06.14"]
[EventType "team"]

1. d4 Nf6 2. c4 e6 3. Nf3 d5 4. g3 Be7 5. Bg2 O-O 6. O-O dxc4 7. Qc2 a6 8. a4
Bd7 9. Qxc4 Bc6 10. Bg5 Nbd7 11. Nc3 h6 12. Bxf6 Nxf6 13. Rfe1 Bd5 14. Qd3 Bxf3
15. Bxf3 c6 16. Rad1 Qa5 17. Qc2 Rfd8 18. h4 Rd7 19. e3 Rad8 20. Rf1 h5 21. Kg2
g6 22. Qb3 Kg7 23. Qc2 e5 24. dxe5 Qxe5 25. Qb3 a5 26. Rxd7 Rxd7 27. Rd1 Bb4 28.
Rxd7 Nxd7 29. Ne4 Qf5 30. Qc2 Ne5 31. Be2 Qd7 32. Qd1 Qxd1 33. Bxd1 Nd3 34. b3
b5 35. Kf1 Kf8 36. Bc2 Ne5 37. Ke2 Ke7 38. Ng5 Nd7 39. Nf3 Bc3 40. Be4 Kd6 41.
Ng5 f5 42. Bc2 Nc5 43. e4 Ne6 44. exf5 gxf5 45. Bxf5 Nd4+ 46. Kd3 Ba1 47. Bg6
Nxb3 48. axb5 cxb5 49. Bxh5 Nc5+ 50. Kc2 b4 51. Bf3 b3+ 52. Kb1 Bd4 53. Ne4+
Nxe4 54. Bxe4 a4 55. f4 a3 0-1

[Event "FIDE World Bl Team Pool B"]
[Site "London ENG"]
[Date "2025.06.14"]
[Round "7.4"]
[White "Sarana, Alexey"]
[Black "Dominguez Perez, Leinier"]
[Result "1-0"]
[WhiteTitle "GM"]
[BlackTitle "GM"]
[WhiteElo "2686"]
[BlackElo "2738"]
[WhiteTeam "Freedom"]
[BlackTeam "Hexamind Chess Team"]
[WhiteFideId "24133795"]
[BlackFideId "3503240"]
[EventDate "2025.06.14"]
[EventType "team"]

1. d4 d5 2. c4 dxc4 3. e4 b5 4. a4 c6 5. axb5 cxb5 6. Nc3 Qb6 7. Be3 e6 8. d5
Bc5 9. Bxc5 Qxc5 10. Nf3 Nf6 11. Qd4 Qb4 12. Be2 O-O 13. O-O a6 14. Rfd1 h6 15.
Ne5 exd5 16. exd5 Nbd7 17. Nc6 Qc5 18. Qxc5 Nxc5 19. Nxb5 Bg4 20. Nbd4 Bxe2 21.
Nxe2 Rfe8 22. Nc3 Rac8 23. Ra5 Nd3 24. Rxa6 Nxb2 25. Rda1 Nd3 26. h3 Nc5 27. Rb6
Ncd7 28. Rb7 Nc5 29. Rb5 Nce4 30. Nxe4 Nxe4 31. Rb7 Kf8 32. f3 Nd6 33. Rd7 Nb5
34. Rb7 Nd6 35. Rd7 Nb5 36. Rc1 c3 37. Rb7 Nd6 38. Rb3 Ra8 39. Rbxc3 Ra2 40.
R3c2 Rxc2 41. Rxc2 Re1+ 42. Kf2 Rd1 43. Nb4 Rd4 44. Rb2 h5 45. Ke3 Nf5+ 46. Ke2
g6 47. g4 hxg4 48. hxg4 Nd6 49. Ke3 Rd1 50. Rc2 Ke7 51. Rc7+ Kf6 52. Rd7 Nc4+
53. Kf2 Ne5 54. Rd6+ Ke7 55. Ra6 Rd4 56. Ra7+ Kd6 57. Nc6 Nxc6 58. dxc6 Rf4 1-0

[Event "FIDE World Bl Team Pool B"]
[Site "London ENG"]
[Date "2025.06.14"]
[Round "7.5"]
[White "Divya, Deshmukh"]
[Black "Muzychuk, Anna"]
[Result "1/2-1/2"]
[WhiteTitle "IM"]
[BlackTitle "GM"]
[WhiteElo "2463"]
[BlackElo "2535"]
[WhiteTeam "Hexamind Chess Team"]
[BlackTeam "Freedom"]
[WhiteFideId "35006916"]
[BlackFideId "14111330"]
[EventDate "2025.06.14"]
[EventType "team"]

1. e4 e5 2. Nf3 Nc6 3. d4 exd4 4. Nxd4 Nf6 5. Nxc6 bxc6 6. Nd2 d5 7. exd5 cxd5
8. Bb5+ Bd7 9. Bxd7+ Qxd7 10. O-O Be7 11. b3 O-O 12. Bb2 Rfe8 13. Re1 Ng4 14.
Nf3 Bf6 15. Bxf6 Nxf6 16. Qd4 a5 17. a4 Qc6 18. c3 h6 19. h3 Rxe1+ 20. Rxe1 Rb8
21. Nd2 Re8 22. Rxe8+ Qxe8 23. Kf1 Qb8 24. b4 Qb6 25. bxa5 Qxa5 26. Nb3 Qa6+ 27.
Kg1 Qe2 28. Nc5 Qa2 29. Qb4 Qa1+ 30. Kh2 Qe1 31. Qd4 Qa1 32. f3 Qa2 33. Qb4 Qf2
34. Qd4 Qa2 35. Nd3 Qa1 36. Nf4 Qa2 37. Nd3 Qa1 38. Nf4 c5 39. Qxc5 Qxa4 40.
Qc8+ Kh7 41. Qf5+ Kg8 42. Nxd5 Nxd5 43. Qxd5 Qf4+ 44. g3 Qc1 45. Qd8+ Kh7 46.
Qd3+ g6 47. h4 h5 48. c4 Qb2+ 49. Kh3 Qc1 50. Kg2 Qb2+ 51. Kg1 Qc1+ 52. Kf2 Qb2+
53. Kf1 Qc1+ 54. Ke2 Qb2+ 55. Qd2 Qe5+ 56. Kf2 Qc5+ 57. Qe3 Qxc4 58. Kg2 Qc2+
59. Kh3 Qd1 60. Kg2 Qc2+ 61. Kh3 1/2-1/2

[Event "FIDE World Bl Team Pool B"]
[Site "London ENG"]
[Date "2025.06.14"]
[Round "7.1"]
[White "Madan, Augustin"]
[Black "Turner, Matthew J"]
[Result "1/2-1/2"]
[WhiteTitle "IM"]
[BlackTitle "GM"]
[WhiteElo "2259"]
[BlackElo "2441"]
[WhiteTeam "Desert Penguins"]
[BlackTeam "Sassy Seniors"]
[WhiteFideId "1210327"]
[BlackFideId "402893"]
[EventDate "2025.06.14"]
[EventType "team"]

1. Nf3 Nf6 2. c4 e6 3. Nc3 Bb4 4. Qc2 c5 5. a3 Bxc3 6. Qxc3 Nc6 7. b4 b6 8. Bb2
O-O 9. g3 Bb7 10. Bg2 Nd4 11. Kf1 Bxf3 12. Bxf3 Nxf3 13. Qxf3 Rc8 14. bxc5 Rxc5
15. Bxf6 Qxf6 16. Qxf6 gxf6 17. d3 b5 18. cxb5 Rxb5 19. Kg2 Rb2 20. Kf3 Rc8 21.
Rhc1 Rxc1 22. Rxc1 Ra2 23. Rc7 Rxa3 24. Rxd7 1/2-1/2

[Event "FIDE World Bl Team Pool B"]
[Site "London ENG"]
[Date "2025.06.14"]
[Round "7.2"]
[White "Dishman, Stephen"]
[Black "Bansal, Rohan"]
[Result "1-0"]
[WhiteTitle "FM"]
[WhiteElo "2274"]
[BlackElo "2005"]
[WhiteTeam "Sassy Seniors"]
[BlackTeam "Desert Penguins"]
[WhiteFideId "403024"]
[BlackFideId "425052"]
[EventDate "2025.06.14"]
[EventType "team"]

1. d4 Nf6 2. Bg5 d5 3. Nd2 Bf5 4. Bxf6 exf6 5. e3 Bd6 6. c4 dxc4 7. Bxc4 O-O 8.
Ngf3 c5 9. dxc5 Bxc5 10. O-O Nc6 11. a3 Qe7 12. Qe2 a6 13. h3 Rad8 14. Rad1 b5
15. Nh4 Bc2 16. Rc1 bxc4 17. Rxc2 Nd4 18. Qxc4 Nxc2 19. Qxc2 g6 20. Nhf3 f5 21.
Nb3 Bd6 22. Nbd4 Rc8 23. Qa4 Qf6 24. Re1 Bb8 25. Qa5 Rfe8 26. b4 f4 27. e4 Ba7
28. e5 Qd8 29. Qxd8 Rexd8 30. Ne2 Rc3 31. Nxc3 Rd3 32. Ne4 Rxa3 33. Rd1 Kf8 34.
Nf6 Kg7 35. Rd8 Ra2 36. Rg8+ Kh6 37. Rh8 Bxf2+ 38. Kf1 Kg7 39. Rxh7+ Kf8 40.
Rh8+ Kg7 41. Rg8+ Kh6 42. Rh8+ Kg7 43. Rh7+ Kf8 44. Ng5 Ke7 45. Rxf7+ Kd8 46.
Rd7+ Kc8 47. Ne6 Be3 48. Rc7+ Kb8 49. Nd7+ Ka8 50. Nec5 Ra1+ 51. Ke2 Ra2+ 52.
Kf3 Rf2+ 53. Ke4 Rxg2 54. Nb6+ Kb8 55. Rb7# 1-0

[Event "FIDE World Bl Team Pool B"]
[Site "London ENG"]
[Date "2025.06.14"]
[Round "7.3"]
[White "Bharat Kumar, Balahari"]
[Black "Vujatovic, Rajko"]
[Result "1-0"]
[WhiteElo "2052"]
[BlackElo "2222"]
[WhiteTeam "Desert Penguins"]
[BlackTeam "Sassy Seniors"]
[WhiteFideId "496464"]
[BlackFideId "403393"]
[EventDate "2025.06.14"]
[EventType "team"]

1. d4 Nf6 2. c4 e6 3. Nf3 b6 4. e3 Bb7 5. Bd3 Ne4 6. O-O f5 7. b3 Qf6 8. Bb2 Bd6
9. Qe2 Qh6 10. Ne5 O-O 11. Nd2 Nxd2 12. Qxd2 Be7 13. f4 d6 14. Nf3 Nd7 15. Rac1
Rad8 16. b4 Nf6 17. Qc2 Ng4 18. Qe2 Nf6 19. Ng5 Nd7 20. Nf3 Qh5 21. h3 Qh6 22.
Qd2 Nf6 23. c5 dxc5 24. bxc5 bxc5 25. Bc4 Bd5 26. Qc2 cxd4 1-0

[Event "FIDE World Bl Team Pool B"]
[Site "London ENG"]
[Date "2025.06.14"]
[Round "7.4"]
[White "Lishoy Gengis Paratazham, Dildarav"]
[Black "Bansal, Saahil"]
[Result "1-0"]
[WhiteElo "2084"]
[BlackElo "1979"]
[WhiteTeam "Sassy Seniors"]
[BlackTeam "Desert Penguins"]
[WhiteFideId "491462"]
[BlackFideId "438316"]
[EventDate "2025.06.14"]
[EventType "team"]

1. d4 d5 2. Nf3 Nf6 3. e3 e6 4. Bd3 b6 5. Nbd2 Bb7 6. b3 Nbd7 7. Bb2 Bd6 8. O-O
O-O 9. Ne5 c5 10. Qe2 Qc7 11. Rac1 Nxe5 12. dxe5 Bxe5 13. Bxe5 Qxe5 14. Nf3 Qc7
15. c4 e5 16. Nd2 e4 17. Bc2 Ba6 18. f3 exf3 19. Rxf3 Rae8 20. Rxf6 gxf6 21.
Qg4+ Kh8 22. Qf5 Re4 23. Nxe4 Qe5 24. Qxf6+ Qxf6 25. Nxf6 dxc4 26. bxc4 Bxc4 27.
a3 h6 28. Kf2 Rd8 29. Ke1 Be6 30. Rd1 Rc8 31. Ne4 b5 32. Nd6 Rb8 33. Bf5 Bb3 34.
Rb1 c4 35. Nxf7+ Kg7 36. Nd6 a6 37. Ne4 Rf8 38. g4 h5 39. Nc5 Kh6 40. Nxb3 cxb3
41. Rxb3 hxg4 42. Bxg4 Kg5 43. Be2 Rh8 44. Rb4 Rxh2 45. Rd4 Rh6 46. Rd5+ Kh4 47.
a4 bxa4 48. Rd4+ Kg3 49. Rxa4 Re6 50. Kd2 Rd6+ 51. Bd3 Rd8 52. Rxa6 Kf3 53. Rf6+
Kg3 54. e4 Kg4 55. Ke3 Kg5 56. Rf1 Rh8 57. e5 Rh3+ 58. Kd4 Rh4+ 59. Be4 Rh8 60.
e6 Re8 61. Ke5 Kh6 62. Bc6 Rb8 63. e7 1-0

[Event "FIDE World Bl Team Pool B"]
[Site "London ENG"]
[Date "2025.06.14"]
[Round "7.5"]
[White "Ding, Yiwen"]
[Black "Dishman, Matthew"]
[Result "0-1"]
[WhiteElo "1844"]
[BlackElo "1978"]
[WhiteTeam "Desert Penguins"]
[BlackTeam "Sassy Seniors"]
[WhiteFideId "495980"]
[BlackFideId "438642"]
[EventDate "2025.06.14"]
[EventType "team"]

1. d4 Nf6 2. c4 e6 3. Nf3 d5 4. Nc3 Be7 5. Bf4 O-O 6. e3 c5 7. cxd5 cxd4 8. Nxd4
Nxd5 9. Nxd5 Qxd5 10. Nc2 Qxd1+ 11. Rxd1 Nc6 12. Be2 e5 13. Bg3 Be6 14. a3 f5
15. h3 Rad8 16. O-O f4 17. exf4 exf4 18. Rxd8 Bxd8 19. Bh2 Bc7 20. Bf3 g5 21.
Re1 Bf5 22. Nb4 Nxb4 23. axb4 Bd6 24. Bd5+ Kg7 25. b5 b6 26. Bc6 Rf7 27. g4 Bg6
28. Kg2 Re7 29. Rxe7+ Bxe7 30. f3 Bc5 31. Bg1 Bxg1 32. Kxg1 Kf6 33. Kf2 Ke5 34.
Ke2 Kd4 35. Kd2 h6 36. Bd7 Bf7 37. Ke2 Bc4+ 38. Kd2 Bd5 39. Ke2 Kc5 40. Kd3 Bxf3
41. b3 0-1

[Event "FIDE World Bl Team Pool B"]
[Site "London ENG"]
[Date "2025.06.14"]
[Round "7.6"]
[White "Regan, Natasha K"]
[Black "Ding, Yihua"]
[Result "1-0"]
[WhiteTitle "WIM"]
[WhiteElo "2064"]
[BlackElo "1536"]
[WhiteTeam "Sassy Seniors"]
[BlackTeam "Desert Penguins"]
[WhiteFideId "403067"]
[BlackFideId "495999"]
[EventDate "2025.06.14"]
[EventType "team"]

1. Nf3 Nf6 2. c4 e6 3. g3 b6 4. Bg2 Bb7 5. O-O Be7 6. Nc3 O-O 7. d3 d6 8. e4
Nbd7 9. b4 a6 10. Qe2 Rb8 11. a4 c5 12. b5 axb5 13. Nxb5 Ba6 14. Bf4 Bxb5 15.
axb5 Nh5 16. Bd2 Nhf6 17. Bc3 Qc7 18. Ra6 Ra8 19. Rfa1 Qb7 20. e5 Nh5 21. exd6
Bxd6 22. Ng5 Qc7 1-0

[Event "FIDE World Bl Team Pool B"]
[Site "London ENG"]
[Date "2025.06.14"]
[Round "7.1"]
[White "Adams, Michael"]
[Black "Rakotomaharo, Fy Antenaina"]
[Result "1/2-1/2"]
[WhiteTitle "GM"]
[BlackTitle "IM"]
[WhiteElo "2659"]
[BlackElo "2441"]
[WhiteTeam "Malcolm's Mates"]
[BlackTeam "Mother Continent"]
[WhiteFideId "400041"]
[BlackFideId "13100050"]
[EventDate "2025.06.14"]
[EventType "team"]

1. e4 e5 2. Nf3 Nc6 3. Bb5 Nge7 4. c3 d5 5. d3 dxe4 6. dxe4 Qxd1+ 7. Kxd1 Bd7 8.
Be3 f6 9. Nbd2 O-O-O 10. a4 g5 11. Kc2 Ng6 12. Nb3 a6 13. Bc4 h5 14. h4 g4 15.
Nfd2 f5 16. Bg5 Be7 17. Bf7 Nf4 18. Bxe7 Nxe7 19. g3 Nd3 20. Kxd3 Be6+ 21. Ke2
Bxf7 22. exf5 Nxf5 23. Nc5 Bd5 24. Rhd1 Nd6 25. b3 a5 26. Nd3 Rhf8 27. c4 Bc6
28. Ke1 Nf5 29. Nc5 Nd4 30. Rab1 b6 31. Nce4 Rf7 32. c5 Kb8 33. cxb6 cxb6 34.
Rbc1 Rdf8 35. Rc3 Rf5 36. Rdc1 Bb7 37. Rc7 R5f7 38. Rxf7 Rxf7 39. Nd6 Rf6 40.
Nxb7 Kxb7 41. Rc3 Rf8 42. Ne4 Nf3+ 43. Ke2 Rd8 44. Nf6 Rd2+ 45. Ke3 Rb2 46. Nxh5
Nd4 47. Nf6 Nxb3 48. h5 Nd4 49. h6 Nf5+ 50. Ke4 Nxh6 51. Kxe5 Rxf2 52. Ke6 Rf3
53. Rc2 Rxg3 54. Nd5 Rg1 55. Rc7+ Kb8 56. Rh7 Re1+ 57. Kd6 Nf5+ 58. Kc6 g3 59.
Rh8+ Ka7 60. Rh7+ Kb8 61. Rh8+ Ka7 62. Rh7+ 1/2-1/2

[Event "FIDE World Bl Team Pool B"]
[Site "London ENG"]
[Date "2025.06.14"]
[Round "7.2"]
[White "Mhango, Banele"]
[Black "Vitiugov, Nikita"]
[Result "0-1"]
[WhiteTitle "FM"]
[BlackTitle "GM"]
[WhiteElo "2236"]
[BlackElo "2671"]
[WhiteTeam "Mother Continent"]
[BlackTeam "Malcolm's Mates"]
[WhiteFideId "14327040"]
[BlackFideId "4152956"]
[EventDate "2025.06.14"]
[EventType "team"]

1. d4 Nf6 2. Nc3 d5 3. Bf4 a6 4. e3 e6 5. Bd3 c5 6. dxc5 Bxc5 7. Nf3 b5 8. e4 b4
9. Na4 Be7 10. e5 Nfd7 11. O-O Bb7 12. Re1 Bc6 13. c3 Qa5 14. Bc2 Bxa4 15. Bxa4
bxc3 16. bxc3 O-O 17. Bxd7 Nxd7 18. c4 Nb6 19. Bd2 Qa3 20. cxd5 Nxd5 21. Qb3
Rab8 22. Qc4 Rfc8 23. Qg4 Qd3 24. Rac1 Rxc1 25. Rxc1 Rb1 26. Qa4 Rxc1+ 27. Bxc1
Nc3 28. Qe8+ Bf8 29. Bd2 Ne2+ 30. Kh1 Nd4 31. Bb4 Qb1+ 0-1

[Event "FIDE World Bl Team Pool B"]
[Site "London ENG"]
[Date "2025.06.14"]
[Round "7.3"]
[White "Saric, Ivan"]
[Black "George Samir, David"]
[Result "1-0"]
[WhiteTitle "GM"]
[BlackTitle "FM"]
[WhiteElo "2661"]
[BlackElo "2356"]
[WhiteTeam "Malcolm's Mates"]
[BlackTeam "Mother Continent"]
[WhiteFideId "14508150"]
[BlackFideId "10657789"]
[EventDate "2025.06.14"]
[EventType "team"]

1. Nf3 Nf6 2. g3 b5 3. d3 Bb7 4. e4 e6 5. e5 Nd5 6. Bg2 Nb6 7. O-O Be7 8. Nc3 b4
9. Ne4 d5 10. exd6 cxd6 11. Re1 O-O 12. a3 d5 13. Neg5 h6 14. Nh3 bxa3 15. b3 a5
16. Bxa3 a4 17. Bxe7 Qxe7 18. bxa4 Rxa4 19. Rb1 N8d7 20. Nf4 Qd6 21. Qd2 Ba6 22.
Nh5 Kh7 23. Ra1 g6 24. Rxa4 Nxa4 25. Ra1 Nac5 26. Nf4 e5 27. Nxd5 Bb7 28. Ne3
Kg7 29. Re1 Re8 30. Ng4 g5 31. Ne3 Qg6 32. Qc3 Bxf3 33. Bxf3 Kg8 34. Bg4 h5 35.
Bf5 Qf6 36. h3 h4 37. g4 Qd6 38. Bxd7 Nxd7 39. Nf5 Qd5 40. Qc7 Kh7 41. d4 e4 42.
c4 Qe6 43. d5 Qe5 44. Qxd7 Rf8 45. Qe7 Qc3 46. Qxf8 Qxe1+ 47. Kg2 1-0